| 000 | 01924nam a2200229Ia 4500 | ||
|---|---|---|---|
| 008 | 0000001996 sp ad 0000000000mul00 | ||
| 090 | _aPSP00 R65r | ||
| 245 | 1 | 0 | _aRomán Francés |
| 300 |
_a63 p. _c/ 31 cm. |
||
| 500 | _aIncluye datos biográficos del artista \ Registro auspiciado por la FGAA. Bogotá | ||
| 505 | _aOBRAS : Lago con Nenúfares = Lake with waterlilies Mantón rojo = Red shawl Romántica = Romantic Marta en el lago con Pamela = Marta with Bonnet at the lake Marta con clavel = Marta with carnation Mantón azul = Blue shawl Nuca con mantón = Nape of neck with shawl Perfil de Marta = Marta's profile Figuras con manzano = Figures with apple three Descanso en el bordado = A rest form embroidery Mantón y cesta de anémonas = Shawl and basket of anemones Estivalia = Summertime Añoranza en lilas = Nostalgia in Lilies Elisabeth = Elisabeth Cabeza de niña con flores = Girl's head with flowers Pensando bordan = Thinking of embroidering Mantón azul especial = Blue shawl special Marta en el lago = Marta at the lake Ana con flores en el lago = Anna with flowers in the lake Patio de Sevilla = Sevillar patio Cabecita con sombrero = Head with hat Estanque en Miami = Lake in Miami Niña de Andalucia = Andalucian child Marta en rojo = Marta in red Marta con azules = Mata in blue En el jardín = In the garden Veraneo = Summer Holiday Bordando en la mesa con Liliums = Embroidering at a table with Lilies Blanca adolescencia = White adolescence | ||
| 600 | 0 | 0 |
_aROMAN FRANCES, JOSE MIGUEL, 1950/ _xTRABAJOS PICTORICOS |
| 650 | 1 | 4 | _aARTE CONTEMPORANEO ESPAÑOL |
| 650 | 1 | 4 | _aARTISTAS PLASTICOS ESPAÑOLES |
| 650 | 1 | 4 | _xCATALOGOS |
| 650 | 1 | 4 | _aMUJERES EN EL ARTE |
| 650 | 1 | 4 | _aNATURALEZA EN EL ARTE |
| 650 | 1 | 4 | _aPINTORES ESPAÑOLES |
| 650 | 1 | 4 | _aPINTURA AL OLEO |
| 650 | 1 | 4 | _aPINTURA ESPAÑOLA |
| 999 |
_c10904 _d10904 |
||
| 260 |
_aCastellón : Agora Gallery _c1996 |
||